[Event "Wellington Club Championship - B Grade"]
[Site "Wellington Chess Club"]
[Date "2023.11.30"]
[Round "4.3"]
[White "Rossiter, Philip E"]
[Black "Jackson, Ross"]
[Result "1/2-1/2"]
[WhiteElo "1794"]
[BlackElo "1925"]
[PlyCount "60"]
[EventDate "2023.09.26"]

1. c4 f5 2. Nf3 Nf6 3. g3 c6 4.
Bg2 e6 5. Nc3 d5 6. d4 Bd6 7. O-O O-O 8. h3 Bd7 9. Bd2 Be8 10. Rc1 Bh5 11. Qc2
Bxf3 12. exf3 Na6 13. Rfe1 Qd7 14. a3 Rae8 15. Qd3 g6 16. b4 dxc4 17. Qxc4 b5
18. Qd3 Nd5 19. Nxd5 cxd5 20. f4 Rc8 21. Qb3 Nc7 22. Qc3 Na8 23. Qe3 Rxc1 24.
Rxc1 Nb6 25. Re1 Re8 26. Qe2 a6 27. Bc1 Kf7 28. h4 h5 29. Bb2 Rc8 30. Bf3 Rh8 {
Draw offer} 1/2-1/2

[Event "Wellington Club Championship - B Grade"]
[Site "Wellington Chess Club"]
[Date "2023.11.30"]
[Round "5.1"]
[White "Benitez, Edgar"]
[Black "Sethuramalingam, Karthik"]
[Result "1-0"]
[WhiteElo "1903"]
[BlackElo "1730"]
[PlyCount "103"]
[EventDate "2023.09.26"]

1. d4 d5 2. Nc3 Nf6 3. Bf4 e6 4. e3 Bb4 5. a3 Bd6 6. Bg5 Bd7 7. Nf3 h6 8. Bh4 c5
9. Nb5 Be7 10. Bg3 Bxb5 11. Bxb5+ Nbd7 12. O-O a6 13. Bxd7+ Nxd7 14. c3 O-O 15.
Qe2 Nf6 16. h3 b5 17. dxc5 Bxc5 18. Rad1 Ne4 19. Bh2 Rc8 20. Ne5 f6 21. Nd3 Ba7
22. Kh1 Qb6 23. Bg1 Kh7 24. Nf4 g5 25. Nh5 Qb7 26. f3 Nc5 27. Qc2+ f5 28. g4 a5
29. e4 dxe4 30. Bxc5 Bxc5 31. fxe4 f4 32. Rf3 e5 33. Rd5 Qc7 34. Qd3 Rcd8 35.
Nf6+ Kg6 36. Nd7 Rfe8 37. Nxc5 Rxd5 38. Qxd5 Rd8 39. Qe6+ Kg7 40. Rd3 Rxd3 41.
Nxd3 Qd8 42. Qxe5+ Kg8 43. Qd5+ Qxd5 44. exd5 Kf7 45. Kg2 Ke7 46. Kf3 Kd6 47.
Ke4 a4 48. Kd4 f3 49. Nf2 Kc7 50. Kc5 Kd7 51. Kxb5 Kd6 52. Kxa4 1-0

[Event "Wellington Club Championship - B Grade"]
[Site "Wellington Chess Club"]
[Date "2023.12.06"]
[Round "9.3"]
[White "Keith, Matthew"]
[Black "Benitez, Edgar"]
[Result "1-0"]
[WhiteElo "1855"]
[BlackElo "1903"]

1. d4 Nf6 2. c4 e5 3. dxe5 Ng4 4. Bf4 Bc5 5. e3 d6 6. exd6 cxd6 7. Be2 Nf6 8.
Nf3 Nc6 9. a3 a5 10. O-O O-O 11. Nc3 Qe7 12. Nd4 Be6 13. Ncb5 Rfd8 14. Nxe6
fxe6 {White won in 51 moves} 1-0

[Event "Wellington Club Championship - B Grade"]
[Site "Wellington Chess Club"]
[Date "2023.12.07"]
[Round "2.2"]
[White "Keith, Matthew"]
[Black "Jackson, Ross"]
[Result "0-1"]
[WhiteElo "1855"]
[BlackElo "1925"]

1. d4 Nf6 2. c4 c5 3. d5 e6 4. Nc3 exd5 5. cxd5 d6 6. e4 a6 7. a4 g6 8. Nf3 Bg7
9. Be2 Bg4 10. Nd2 Bxe2 11. Qxe2 O-O 12. O-O Nbd7 13. Nc4 Ne5 14. Nxe5 dxe5 15.
Bg5 h6 16. Bxf6 Qxf6 17. Qf3 {Black won in 48 moves} 0-1

[Event "Wellington Club Championship - Open Swiss"]
[Site "Wellington Chess Club"]
[Date "2023.09.29"]
[Round "1.1"]
[White "Osborne, Geoff"]
[Black "Sole, Michael"]
[Result "0-1"]
[WhiteElo "1434"]
[BlackElo "2130"]

1. e4 e5 2. Nf3 Nc6 3. d4 exd4 4. Bc4 Bc5 5. c3 Nf6 6. cxd4 Bb4+ 7. Bd2 Nxe4 8.
d5 Nxd2 9. Nbxd2 Qe7+ 10. Qe2 Qxe2+ 11. Bxe2 Ne7 12. a3 Bxd2+ 13. Kxd2 Nxd5 14.
Bc4 Nf4 15. g3 Ne6 16. Rac1 O-O 17. b4 c6 18. Kc3 d5 19. Bd3 a5 20. b5 c5 21.
Rhd1 f6 22. Kb2 b6 23. Ng1 Bb7 24. f4 Rfe8 25. Bf1 Nd4 26. a4 Rad8 27. g4 Re4
28. Nh3 Rde8 29. Bd3 Re3 30. Bf1 Rb3+ 31. Ka2 Ree3 32. Rd2 Ra3+ 33. Kb1 Nb3 0-1

[Event "Wellington Club Championship - Open Swiss"]
[Site "Wellington Chess Club"]
[Date "2023.09.29"]
[Round "1.2"]
[White "Pomeroy, Arthur J"]
[Black "Ulm, Eric"]
[Result "1-0"]
[WhiteElo "2021"]
[BlackElo "1433"]

1. e4 e6 2. d4 d5 3. Nc3 dxe4 4. Nxe4 Bd7 5. Nf3 Bc6 6. Bd3 Nd7 7. O-O Ngf6 8.
Qe2 Nxe4 9. Bxe4 Bxe4 10. Qxe4 c6 11. b3 Be7 12. Bb2 Nf6 13. Qe2 Qc7 14. Ne5
O-O 15. Rfe1 Rad8 16. Rad1 c5 17. dxc5 Bxc5 18. Nd3 Be7 19. c4 Rd7 20. Ne5 Rxd1
21. Rxd1 Rd8 22. Rxd8+ Qxd8 23. Qd3 Qxd3 24. Nxd3 g6 25. Bd4 b6 26. c5 bxc5 27.
Nxc5 Nd5 28. Nd7 a5 29. Kf1 h5 30. Ke2 f5 31. g3 Kh7 32. a4 Bb4 33. Kd3 g5 34.
Kc4 g4 35. Bc5 Kg7 36. Bxb4 Nxb4 37. Nc5 e5 38. Kb5 f4 39. gxf4 exf4 40. Ne6+
Kg6 41. Nxf4+ Kf5 42. Nxh5 Kg5 43. Ng3 Kf4 44. Kxa5 Nd3 45. b4 1-0

[Event "Wellington Club Championship - Open Swiss"]
[Site "Wellington Chess Club"]
[Date "2023.09.29"]
[Round "1.3"]
[White "Aldridge, Alan"]
[Black "Forster, Bill"]
[Result "0-1"]
[WhiteElo "1894"]
[BlackElo "2016"]

1. e4 c5 2. Nf3 a6 3. d4 cxd4 4. Nxd4 e5 5. Nf3 Nf6 6. Bc4 Be7 7. O-O d6 8. h3
O-O 9. Re1 Nbd7 10. a4 Nc5 11. Nc3 Qc7 12. Bd5 h6 13. Be3 Bd7 14. Qd2 Kh7 15.
Ra3 Rac8 16. Qe2 Bc6 17. Bxc5 Bxd5 18. Bxd6 Bxd6 19. exd5 Bxa3 0-1

[Event "Wellington Club Championship - Open Swiss"]
[Site "Wellington Chess Club"]
[Date "2023.09.29"]
[Round "1.4"]
[White "Hupert, Leo"]
[Black "Saglam, Yigit"]
[Result "0-1"]
[WhiteElo "1350"]
[BlackElo "1775"]

1. e4 c5 2. Nc3 Nc6 3. Nf3 g6 4. Bb5 Bg7 5. d3 Nf6 6. h3 O-O 7. e5 Ne8 8. Bf4
d6 9. Bxc6 bxc6 10. d4 cxd4 11. Qxd4 c5 12. Qd2 Bb7 13. Bh6 Bxf3 14. Bxg7 Nxg7
15. gxf3 dxe5 16. Qe3 Qd4 17. Rd1 Qxe3+ 18. fxe3 Nf5 19. Kf2 Rfd8 20. Nd5 f6
21. h4 Kf7 22. Rd2 e6 23. e4 exd5 24. exf5 gxf5 25. Rhd1 Ke6 26. c4 d4 27. Rb1
a5 28. Rg1 Rg8 29. Rdd1 Rab8 30. b3 Rg6 31. Rxg6 hxg6 32. Rg1 Rh8 33. Rh1 f4
34. a3 Rb8 35. Rb1 f5 36. a4 e4 37. fxe4 fxe4 38. Re1 Kf5 39. Rg1 f3 40. Rg5+
Kf4 41. Rxg6 e3+ 42. Ke1 Rxb3 43. Rf6+ Ke4 44. Kd1 Kd3 45. Kc1 Ke2 46. Kc2 Rb8
47. h5 d3+ 48. Kc3 d2 49. Rxf3 Kxf3 50. Kc2 Ke2 51. h6 d1=Q+ 52. Kc3 Rb3# 0-1

[Event "Wellington Club Championship - Open Swiss"]
[Site "Wellington Chess Club"]
[Date "2023.09.29"]
[Round "1.5"]
[White "Coates, Alex"]
[Black "Joseph, Joji Chacko"]
[Result "1/2-1/2"]
[WhiteElo "1745"]
[BlackElo "1305"]

1. d4 Nf6 2. c4 e6 3. Nc3 Bb4 4. Qc2 c5 5. e3 Nc6 6. Nf3 d5 7. cxd5 Nxd5 8. a3
cxd4 9. exd4 Be7 10. Bd3 h6 11. O-O Bg5 12. Nxd5 Qxd5 13. Be3 Bxe3 14. fxe3 Bd7
15. b4 Rc8 16. Qe2 O-O 17. Rac1 e5 18. Rc5 Qb3 19. b5 Ne7 20. Nxe5 Rxc5 21.
dxc5 Be6 22. c6 bxc6 23. bxc6 Qxa3 24. Bb5 Rc8 25. Ba6 Rc7 26. Bb5 f6 27. Bc4
Qd6 28. Nd7 Qxc6 29. Nxf6+ gxf6 30. Qg4+ Kf7 31. Qh5+ Ng6 32. Bd3 f5 33. Qxh6
Qc3 34. Bxf5 Bxf5 35. Rxf5+ Ke7 36. Qh7+ Kd8 37. Qg8+ Kd7 38. Qd5+ Kc8 39. Qa8+
1/2-1/2

[Event "Wellington Club Championship - Open Swiss"]
[Site "Wellington Chess Club"]
[Date "2023.09.29"]
[Round "1.6"]
[White "Tan, Jin"]
[Black "Hunt, Liam"]
[Result "1-0"]
[WhiteElo "1236"]
[BlackElo "1690"]

1. e4 c6 2. d4 d5 3. Nc3 dxe4 4. Nxe4 Nf6 5. Nxf6+ exf6 6. Nf3 Bg4 7. Be2 Bd6
8. h3 Bh5 9. O-O O-O 10. c4 Re8 11. Be3 Nd7 12. Qc2 Nf8 13. Rfe1 Bc7 14. b4
Bxf3 15. Bxf3 Ng6 16. d5 Qd6 17. g3 Ne5 18. Be4 Qxb4 19. dxc6 Nxc6 20. Bxh7+
Kf8 21. Qb3 Qxb3 22. axb3 g6 23. Bh6# 1-0

[Event "Wellington Club Championship - Open Swiss"]
[Site "Wellington Chess Club"]
[Date "2023.09.29"]
[Round "1.7"]
[White "Brockway, Andrew"]
[Black "Asher, Bruce"]
[Result "1-0"]
[WhiteElo "1675"]
[BlackElo "1206"]

1. e4 e5 2. Nf3 Nc6 3. d4 exd4 4. Bc4 d6 5. Nxd4 Qd7 6. Nc3 Nf6 7. Nxc6 Qxc6 8.
Bb5 Bd7 9. Bxc6 Bxc6 10. Bg5 Be7 11. Bxf6 Bxf6 12. Qd3 O-O-O 13. O-O-O Rhe8 14.
f3 a6 15. Nd5 Bb5 16. c4 Bc6 17. Nxf6 gxf6 18. Qd4 Re5 19. Rhe1 Rc5 20. Kb1 Ra5
21. Qxf6 Rd7 22. Qc3 Rc5 23. Rc1 Bb5 24. Qd4 Bc6 25. Qh8+ Rd8 26. Qxh7 b5 27.
cxb5 Bxb5 28. Rxc5 dxc5 29. Qxf7 Rd4 30. b3 {Black resigned on move 39} 1-0

[Event "Wellington Club Championship - Open Swiss"]
[Site "Wellington Chess Club"]
[Date "2023.09.29"]
[Round "1.8"]
[White "Ravi, Vrajesh"]
[Black "Marney, John"]
[Result "0-1"]
[WhiteElo "1102"]
[BlackElo "1658"]

1. e4 e5 2. Nf3 Nc6 3. d4 exd4 4. Bc4 Bc5 5. c3 Nf6 6. cxd4 Bb4+ 7. Nc3 Nxe4 8.
O-O Bxc3 9. d5 Bf6 10. dxc6 O-O 11. cxd7 Bxd7 12. Bd5 Nd6 13. Bf4 Bf5 14. Nd4
Be4 15. Bxd6 Qxd6 16. Bxe4 Bxd4 17. Bxb7 Rab8 18. Qb3 Qf6 19. Rab1 Rfd8 20.
Rfc1 Qxf2+ 21. Kh1 Rd7 22. Rf1 Qe3 23. Qxe3 Bxe3 24. Bc6 Rd2 25. Rbd1 Rdxb2 26.
Rfe1 Bf4 27. Bd5 Bg5 28. Rf1 Bf6 29. g4 h6 30. h4 Kh7 31. Bxf7 Bxh4 32. Rd3 Rf2
33. Rfd1 Rxf7 34. Rd7 Rxd7 35. Rxd7 Rb2 36. Rxc7 Rxa2 37. Kg1 a5 38. Ra7 a4 39.
Ra5 a3 40. Ra4 Ra1+ 41. Kg2 a2 42. Kf3 Rf1+ 43. Ke2 a1=Q 44. Rxa1 Rxa1 45. Kf3
Bg5 46. Ke4 Rf1 47. Kd3 g6 48. Ke2 Rf8 49. Kd3 h5 50. gxh5 gxh5 0-1

[Event "Wellington Club Championship - Open Swiss"]
[Site "Wellington Chess Club"]
[Date "2023.09.29"]
[Round "1.9"]
[White "Sova, Leo"]
[Black "Fairbrother, Rebecca"]
[Result "1-0"]
[WhiteElo "1645"]
[BlackElo "918"]

1. e4 e5 2. Nf3 Nc6 3. Bc4 Bc5 4. Nc3 Nf6 5. d3 O-O 6. Bg5 h6 7. Bh4 d6 8. h3
Qe7 9. Nd5 Qe6 10. Nxf6+ gxf6 11. Bxe6 Kg7 12. Bxc8 Raxc8 13. Nh2 f5 14. exf5
d5 15. Qg4+ Kh7 16. f6 Rg8 17. Qf5+ Kh8 18. Ng4 Rce8 19. Qh5 Kh7 20. Qxh6# 1-0

[Event "Wellington Club Championship - Open Swiss"]
[Site "Wellington Chess Club"]
[Date "2023.10.06"]
[Round "2.1"]
[White "Saglam, Yigit"]
[Black "Saglam, Azra Sena"]
[Result "0-1"]
[WhiteElo "1775"]
[BlackElo "1546"]

1. d4 Nf6 2. c4 e6 3. Nc3 Bb4 4. Nf3 O-O 5. a3 Bxc3+ 6. bxc3 c5 7. g3 Nc6 8.
Bg2 Qa5 9. Bb2 d6 10. O-O Qc7 11. Qc2 Rb8 12. d5 Na5 13. Nd2 b6 14. Qa4 Ba6 15.
Rfe1 b5 16. cxb5 Bxb5 17. Qc2 exd5 18. Bxd5 Nxd5 19. c4 Bxc4 20. Nxc4 Nxc4 21.
Qxc4 Rxb2 22. Qxd5 Re8 23. Rab1 Rb6 24. e4 g6 25. f4 Reb8 26. Rbd1 c4 27. Rc1
c3 28. Qd3 Rc6 29. e5 dxe5 30. Rxe5 c2 31. Re2 Rb1 32. Rxc2 Rxc1+ 33. Rxc1
Rxc1+ 34. Kg2 Qc2+ 35. Qxc2 Rxc2+ 36. Kh3 a5 37. g4 Rc3+ 38. Kg2 Rxa3 39. h4
Rb3 40. g5 a4 41. Kf2 a3 42. Ke2 a2 43. Kd2 a1=Q 44. Kc2 Qa2+ 45. Kc1 Rb1# 0-1

[Event "Wellington Club Championship - Open Swiss"]
[Site "Wellington Chess Club"]
[Date "2023.10.06"]
[Round "2.2"]
[White "Farrington, Lawrence"]
[Black "Brockway, Andrew"]
[Result "1/2-1/2"]
[WhiteElo "1506"]
[BlackElo "1675"]

1. e4 c6 2. d4 d5 3. exd5 cxd5 4. c4 Nf6 5. Nc3 e6 6. Bg5 Be7 7. Nf3 O-O 8. Bd3
dxc4 9. Bxc4 Nbd7 10. O-O Nb6 11. Bb3 Nfd5 12. Bxe7 Nxe7 13. Rc1 Ng6 14. Qd2
Bd7 15. Rfd1 Ne7 16. Ne5 Ned5 17. Nxd7 Qxd7 18. Ne4 Rac8 19. Bxd5 Nxd5 20. Nc3
b6 21. a3 Rfd8 22. Rc2 Nxc3 23. bxc3 Rc4 24. Qe2 Rdc8 25. Qd3 g6 26. g3 Qa4 27.
Rdc1 Qxa3 28. Qd2 Qe7 29. Ra1 R4c7 30. f4 Qd6 31. Qd3 Qd5 32. Ra3 Rd8 33. Rca2
Rdd7 34. Qe3 Kf8 35. Rd2 Qd6 36. Rb3 Qd5 37. Rb1 Rc4 38. Ra1 Rcc7 39. Rc1 Rc4
40. Rdc2 Ra4 41. Qe5 Qxe5 42. fxe5 Rc4 43. Kf2 Rdc7 44. Ke2 b5 45. Kd3 Ke7 46.
Ra1 b4 47. Rxa7 Rxa7 48. Kxc4 bxc3 49. Kxc3 Rc7+ 50. Kd3 Rxc2 51. Kxc2 Kd7 52.
Kc3 Kc6 53. Kc4 g5 54. h3 h5 55. h4 g4 56. Kd3 Kd5 57. Ke3 Kc4 58. Ke4 Kc3 59.
Ke3 1/2-1/2

[Event "Wellington Club Championship - Open Swiss"]
[Site "Wellington Chess Club"]
[Date "2023.10.06"]
[Round "2.6"]
[White "McConnell, Jack"]
[Black "Coates, Alex"]
[Result "1-0"]
[WhiteElo "1640"]
[BlackElo "1745"]

1. e4 e6 2. d4 d5 3. Nc3 Nf6 4. Bg5 dxe4 5. Nxe4 Be7 6. Bxf6 gxf6 7. Nf3 f5 8.
Ng3 c5 9. Ne5 Bf6 10. Nh5 Bxe5 11. dxe5 Qxd1+ 12. Rxd1 Nd7 13. Bb5 Ke7 14. Bxd7
Bxd7 15. c4 Bc6 16. f3 Rhg8 17. Kf2 b5 18. Rd6 Rac8 19. Nf6 Rg6 20. cxb5 Bxb5
21. Rhd1 h6 22. b3 Rxf6 23. exf6+ Kxf6 24. Rd8 Rc7 25. Rc1 f4 26. a4 Bd7 27.
Rd1 Ke7 28. Rh8 Rb7 29. Ra8 Kf6 30. h3 c4 31. bxc4 Bxa4 32. Ra1 Bc6 33. R8xa7
Rb2+ 34. Kg1 Rc2 35. Rc7 Rxc4 36. Raa7 Bd5 37. Rxf7+ Kg5 38. Rg7+ Kh5 39. Ra5
Rb4 40. Kf2 Rd4 41. Ke2 Kh4 42. Rg4+ Kh5 43. Rb5 Ra4 44. Kd3 Rc4 45. Ra5 Rc1
46. Kd4 Rc8 47. Ke5 Rf8 48. Rxf4 Rg8 49. Rg4 Rf8 50. Kd6 Rd8+ 51. Ke7 Rb8 52.
Kf6 Rf8+ 53. Kg7 Rb8 54. g3 e5 55. Rh4+ Kg5 56. f4+ Kf5 57. Rh5+ 1-0

[Event "Wellington Club Championship - Open Swiss"]
[Site "Wellington Chess Club"]
[Date "2023.10.06"]
[Round "2.7"]
[White "Ashe, Michael"]
[Black "Katkodia, Ali"]
[Result "1-0"]
[WhiteElo "1707"]
[BlackElo "1609"]

1. d4 g6 2. e4 d6 3. c4 Nf6 4. Nc3 Bg7 5. Be3 O-O 6. f3 e5 7. Nge2 exd4 8. Nxd4
c5 9. Ndb5 Qb6 10. Qxd6 Qxd6 11. Nxd6 b6 12. Ndb5 Ne8 13. Rc1 a6 14. Na3 Nc6
15. Nab1 Nc7 16. b3 Re8 17. Nd5 Nxd5 18. cxd5 Nb4 19. Nc3 Bb7 20. Kf2 Bxc3 21.
Rxc3 Nxa2 22. Rc4 a5 23. Be2 Ba6 24. Rc2 Nb4 25. Rd2 Bxe2 26. Kxe2 a4 27. bxa4
Rxa4 28. Rhd1 Na2 29. Kf2 f6 30. Ra1 Nc3 31. Rxa4 Nxa4 32. Ra2 b5 33. Ra1 Kf7
34. Rc1 Rc8 35. Bd2 Ke7 36. Rb1 Rb8 37. Ke3 Kd6 38. Kd3 Rb7 39. Bf4+ Ke7 40.
Be3 c4+ 41. Kd4 c3 42. Rb4 g5 43. g4 Kd6 44. Kd3 Nb2+ 45. Kxc3 Nd1+ 46. Kd2
Nxe3 47. Kxe3 Kc5 48. Rb1 Kc4 49. Rc1+ Kb3 50. Rc6 b4 51. Rxf6 Ka2 52. Ra6+ Kb2
53. Kd2 Rc7 54. Rc6 Rd7 55. d6 b3 56. e5 Ka3 57. Kc3 Ka4 58. Kb2 Rf7 59. Rc3
Kb5 60. e6 Rf6 61. e7 Re6 62. d7 1-0

[Event "Wellington Club Championship - Open Swiss"]
[Site "Wellington Chess Club"]
[Date "2023.10.06"]
[Round "2.8"]
[White "Forster, Bill"]
[Black "Ulm, Joy"]
[Result "1-0"]
[WhiteElo "2016"]
[BlackElo "1664"]

1. d4 Nf6 2. Nc3 d5 3. e4 Nxe4 4. Nxe4 dxe4 5. Bc4 Bf5 6. Ne2 e6 7. Be3 Bd6 8.
Qd2 Nd7 9. O-O-O c6 10. Ng3 Bg6 11. f3 exf3 12. gxf3 Qc7 13. Ne4 O-O-O 14.
Nxd6+ Qxd6 15. Bf4 Qe7 16. Qa5 e5 17. dxe5 $4 (17. Rhe1 $16) 17... Qc5 $4 (
17... Qh4 $1 $18) 18. Qc3 Rhe8 19. Rhe1 Bh5 20. Re4 b5 21. Be3 b4 22. Ba6+ Kb8
23. Rxb4+ Ka8 1-0

[Event "Wellington Club Championship - Open Swiss"]
[Site "Wellington Chess Club"]
[Date "2023.10.06"]
[Round "2.9"]
[White "Joseph, Joji Chacko"]
[Black "Hunt, Liam"]
[Result "0-1"]
[WhiteElo "1305"]
[BlackElo "1690"]

1. e4 c6 2. d4 d5 3. e5 c5 4. c3 Nc6 5. Bb5 Qa5 6. Bxc6+ bxc6 7. Bd2 Qb6 8. Qb3
Ba6 9. Nf3 e6 10. Qxb6 axb6 11. Be3 Ne7 12. Nbd2 Nf5 13. Rc1 Nxe3 14. fxe3 Be7
15. b3 Bd3 16. Ra1 b5 17. Kf2 c4 18. b4 Ra3 19. Nb1 Bxb1 20. Rhxb1 Rxc3 21. g3
O-O 22. a4 Ra8 23. a5 Rb3 24. Nd2 Rxb1 25. Rxb1 c3 26. Nb3 Bxb4 27. Rc1 g6 28.
Ke2 Ra7 29. Kd3 Bxa5 30. Ra1 Bb6 31. Rxa7 Bxa7 32. Kxc3 Bb6 33. Kb4 Kg7 34. Kc3
Kh6 35. Kd3 Kg5 36. h3 h5 37. e4 h4 38. exd5 cxd5 0-1

[Event "Wellington Club Championship - Open Swiss"]
[Site "Wellington Chess Club"]
[Date "2023.10.06"]
[Round "2.10"]
[White "Mavaram, Eashan"]
[Black "Aldridge, Alan"]
[Result "0-1"]
[WhiteElo "1525"]
[BlackElo "1894"]

1. e4 e5 2. Nf3 Nc6 3. Bc4 Bc5 4. c3 Nf6 5. d3 h6 6. O-O d6 7. h3 a5 8. Be3 O-O
9. Nbd2 Qe7 10. Qc2 Bxe3 11. fxe3 Re8 12. Rae1 Nb8 13. Nh4 Kh8 14. Nf5 Bxf5 15.
Rxf5 Nbd7 16. d4 a4 17. a3 c6 18. Ba2 b5 19. c4 Rac8 20. Rff1 Rf8 21. Bb1 Nb6
22. d5 Nxc4 23. Nxc4 bxc4 24. Qxc4 Qa7 25. dxc6 Rc7 26. Bc2 Ra8 27. Rf3 Qa6 28.
Qxa6 Rxa6 29. Rd1 Rcxc6 30. Bb1 Rab6 31. Rf2 Kg8 32. Bc2 Ra6 33. Bb1 Rab6 34.
Bc2 Ra6 35. Bb1 Kf8 36. Kf1 Ke7 37. Rfd2 Nd7 38. Ke2 Rab6 39. Ba2 Nc5 40. Bd5
Rc8 41. Rf1 f6 42. Rf3 Rcb8 43. Rg3 Kf8 44. Rf3 Rxb2 45. g4 Rxd2+ 46. Kxd2 Rb1
47. Kc2 Re1 48. h4 Rg1 49. g5 hxg5 50. hxg5 Rxg5 51. Rf2 Rg1 0-1

[Event "Wellington Club Championship - Open Swiss"]
[Site "Wellington Chess Club"]
[Date "2023.10.06"]
[Round "2.11"]
[White "Ulm, Eric"]
[Black "Henrys, Francis"]
[Result "0-1"]
[WhiteElo "1433"]
[BlackElo "1690"]

1. e4 Nc6 2. Nf3 d6 3. d4 Bg4 4. Bb5 a6 5. Bxc6+ bxc6 6. h3 Bh5 7. b3 d5 8. e5
e6 9. O-O c5 10. c3 Qd7 11. Ba3 cxd4 12. Bxf8 Kxf8 13. cxd4 Ne7 14. Qd3 Qb5 15.
Qc3 Bxf3 16. gxf3 Rc8 17. Nd2 g6 18. b4 Kg7 19. a4 Qb6 20. Nb3 Nc6 21. Nc5 Qxb4
22. Qxb4 Nxb4 23. a5 Rb8 24. Rab1 c6 25. Rb2 Rb5 26. Rfb1 Rhb8 27. Nd7 Nd3 28.
Rxb5 Rxb5 29. Rxb5 cxb5 30. Nc5 Nb4 31. Kf1 Kh6 32. Ke2 Kh5 33. Kd2 Kh4 34. Kc3
Nc6 35. Nxa6 Nxa5 36. Kb4 Nc4 37. Kxb5 Kxh3 38. Nc7 Kg2 39. Ne8 h5 40. Nd6 h4
41. Nxf7 h3 42. Ng5 h2 43. Nxe6 h1=Q 44. Nf4+ Kxf2 0-1

[Event "Wellington Club Championship - Open Swiss"]
[Site "Wellington Chess Club"]
[Date "2023.10.06"]
[Round "2.12"]
[White "Asher, Bruce"]
[Black "Qu, Lucas"]
[Result "1-0"]
[WhiteElo "1206"]
[BlackElo "1628"]

1. e4 e5 2. Nf3 Nc6 3. Bb5 Nf6 4. Nc3 Bc5 5. d3 d6 6. Bg5 h6 7. Bh4 g5 8. Bg3
Bd7 9. h3 a6 10. Bc4 Qe7 11. O-O Nh5 12. Nd5 Qd8 13. Bh2 Nf6 14. Qd2 Nxd5 15.
exd5 Ne7 16. Rfe1 Ng6 17. b4 Ba7 18. a3 Qf6 19. d4 O-O-O 20. dxe5 dxe5 21. Nxe5
Rhe8 22. Nxd7 Rxe1+ 23. Rxe1 Kxd7 24. Bb3 Bd4 25. Re4 Ba7 26. c4 Qa1+ 27. Bd1
Kc8 28. d6 Nf4 29. Re1 Qxa3 30. Bg4+ f5 31. Bxf5+ Kb8 32. dxc7+ Kxc7 33. Bxf4+
gxf4 34. Qxf4+ Rd6 35. Re7+ Kb8 36. Qxd6+ Ka8 37. Re8+ 1-0

[Event "Wellington Club Championship - Open Swiss"]
[Site "Wellington Chess Club"]
[Date "2023.10.14"]
[Round "3.1"]
[White "Chang, Luke"]
[Black "Marney, John"]
[Result "1-0"]
[WhiteElo "1632"]
[BlackElo "1658"]

1. d4 d5 2. c4 e6 3. Nc3 Nf6 4. cxd5 exd5 5. Bg5 Be7 6. e3 c6 7. Bd3 O-O 8.
Nge2 Nbd7 9. O-O Re8 10. Qc2 Ne4 11. Bf4 Nxc3 12. Nxc3 Nf6 13. h3 Bd6 14. Bxd6
Qxd6 15. Rab1 Be6 16. b4 a6 17. a4 h6 18. b5 Rec8 19. bxa6 bxa6 20. a5 c5 21.
Rb6 Qc7 22. Na4 c4 23. Be2 Rcb8 24. Rfb1 Nd7 25. Bf3 Nxb6 26. Nxb6 Ra7 27. e4
g6 28. g4 Qf4 29. exd5 Qxf3 30. dxe6 Qd3 31. exf7+ Rxf7 32. Qxd3 cxd3 33. Rd1
Rf3 34. Kg2 Rbf8 35. Rd2 h5 36. d5 hxg4 37. hxg4 R3f4 38. Rxd3 Rxg4+ 39. Rg3
Rff4 40. d6 Rxg3+ 41. Kxg3 Rd4 42. d7 Kf7 43. f4 Ke7 44. Kg4 Kd8 45. Kg5 Rd6
46. Nc4 Rxd7 47. Ne5 Rd5 48. Kxg6 Rxa5 49. Nc6+ Kc7 50. Nxa5 Kb6 51. Nb3 1-0

[Event "Wellington Club Championship - Open Swiss"]
[Site "Wellington Chess Club"]
[Date "2023.10.14"]
[Round "3.2"]
[White "Saglam, Azra Sena"]
[Black "Ashe, Michael"]
[Result "0-1"]
[WhiteElo "1546"]
[BlackElo "1707"]

1. c4 e5 2. Nc3 Nf6 3. g3 d5 4. cxd5 Nxd5 5. Bg2 Nb6 6. Nf3 Nc6 7. a3 a5 8. d3
Be7 9. O-O O-O 10. Be3 Nd5 11. Nxd5 Qxd5 12. Nd4 Qd7 13. Nxc6 bxc6 14. Rc1 Bb7
15. Qc2 Ra6 16. d4 exd4 17. Rfd1 Qe6 18. Bxd4 Rd8 19. Be4 g6 20. e3 Bf6 21.
Bxf6 Qxf6 22. Rxd8+ Qxd8 23. Bxc6 Rxc6 0-1